000
00339nam a2200133Ia 4500
008
240624s9999 xx 000 0 und d
041
_a
eng
082
_a
658.4092 ALL
100
_a
ALLIO ROBERT J
245
_a
SEVEN FACES OF LEADERSHIP
260
_c
2003
_a
New Delhi
_b
Tata McGrawhill
300
_a
xii, : 230 : p. : cm. ; 23
365
_c
RS
999
_c
1611
_d
1611